| 000 | 00892nam a22002415i 4500 | ||
|---|---|---|---|
| 001 | 178473 | ||
| 003 | ES-MaACL | ||
| 005 | 20250902054935.0 | ||
| 008 | 110602s1967 sp |||| | spa d | ||
| 080 | _a658.1:33 | ||
| 080 | _a33:658.1 | ||
| 100 | 1 |
_aLévi-Lambert, H. _9146860 |
|
| 245 | 1 | 0 |
_aProblemas de economía de la empresa / _cpor H. Lévi-Lambert ; traducción de Andrés-Santiago Suárez y Suárez, Armando Suárez Franck. |
| 260 |
_aMadrid : _bIce, _cimp. 1967. |
||
| 300 |
_a206 p. ; _c24 cm. |
||
| 490 | 1 |
_aSelecciones de economía de la empresa ; _v1 |
|
| 650 | 0 | 7 |
_aEconomía de la empresa _2embne _912022 |
| 700 | 1 |
_aSuárez Suárez, Andrés-Santiago. _9108662 |
|
| 700 | 0 |
_aSuárez Franck, Armando. _9108620 |
|
| 830 | 0 | 0 |
_aSelecciones de economía de la empresa (ICE) _v1 _9190989 |
| 852 |
_aES-MaACL _jE-15222 _xOlim P-1278 |
||
| 999 |
_c178473 _d178473 |
||